| 000 | 00509nam a2200145 a 4500 | ||
|---|---|---|---|
| 008 | 120416s1968 ||||||||||||||||| || u | ||
| 050 | _aTA 545 All | ||
| 100 | _aMaynes, J. H. B | ||
| 245 | 1 | 0 | _aPractical field surveying and computations |
| 260 |
_aLondon _bHeinemann _c1968 |
||
| 300 | _axvi, 689p. : ill | ||
| 350 | _a0.00 | ||
| 700 | _aAllan, A. L | ||
| 995 |
_D0.00 _FCBU-MAIN LIBRARY (Kitwe) _H1 _I6.30 _M1 _UAVAILABLE _ZMain Library Open Access Collection |
||
| 999 |
_c54238 _d54238 |
||